LEADER 03325nam 2200625 a 450 001 9910463797803321 005 20200520144314.0 010 $a0-8078-6973-2 010 $a1-4696-0304-7 035 $a(CKB)3170000000065521 035 $a(EBL)732133 035 $a(OCoLC)741492916 035 $a(SSID)ssj0000522895 035 $a(PQKBManifestationID)11345585 035 $a(PQKBTitleCode)TC0000522895 035 $a(PQKBWorkID)10539376 035 $a(PQKB)11526911 035 $a(StDuBDS)EDZ0000245429 035 $a(MiAaPQ)EBC732133 035 $a(OCoLC)742361671 035 $a(MdBmJHUP)muse23486 035 $a(Au-PeEL)EBL732133 035 $a(CaPaEBR)ebr10483547 035 $a(CaONFJC)MIL929429 035 $a(EXLCZ)993170000000065521 100 $a19870317d1987 uy 0 101 0 $aeng 135 $aur|n|---||||| 181 $ctxt 182 $cc 183 $acr 200 10$aGettysburg$b[electronic resource] $ethe second day /$fHarry W. Pfanz 210 $aChapel Hill $cUniversity of North Carolina Press$dc1987 215 $a1 online resource (624 p.) 225 1 $aCivil War America 300 $aIncludes index. 311 $a0-8078-1749-X 311 $a0-8078-4730-5 320 $aIncludes bibliographical references and index. 327 $aCover; Contents; Preface; Acknowledgments; CHAPTER ONE: From the Potomac to Pennsylvania; CHAPTER TWO: The Army of Northern Virginia, 1 July; CHAPTER THREE: The Army of the Potomac, 1 July; CHAPTER FOUR: Meade's Scattered Corps Assemble, 2 July; CHAPTER FIVE: The Third Corps, Morning, 2 July; CHAPTER SIX: Confederate Preparations, 2 July; CHAPTER SEVEN: Sickles Takes Up the Forward Line; CHAPTER EIGHT: Longstreet's Corps Opens the Attack; CHAPTER NINE: Devil's Den; CHAPTER TEN: Little Round Top; CHAPTER ELEVEN: The Opening Attacks in the Wheatfield 327 $aCHAPTER TWELVE: The Confederates Seize the WheatfieldCHAPTER THIRTEEN: McLaws Strikes the Peach Orchard; CHAPTER FOURTEEN: From the Peach Orchard to Cemetery Ridge; CHAPTER FIFTEEN: Anderson's Division Attacks; CHAPTER SIXTEEN: The Repulse; CHAPTER SEVENTEEN: Epilogue; Appendix; Notes; Bibliography; Index; A; B; C; D; E; F; G; H; I; J; K; L; M; N; O; P; R; S; T; U; V; W; Y; Z 330 $aThe second day's fighting at Gettysburg?the assault of the Army of Northern Virginia against the Army of the Potomac on 2 July 1863?was probably the critical engagement of that decisive battle and, therefore, among the most significant actions of the Civil War. Harry Pfanz, a former historian at Gettysburg National Military Park, has written a definitive account of the second day's brutal combat. He begins by introducing the men and units that were to do battle, analyzing the strategic intentions of Lee and Meade as commanders of the opposing armies, and describing the concentration of force 410 0$aCivil War America 606 $aGettysburg, Battle of, Gettysburg, Pa., 1863 608 $aElectronic books. 615 0$aGettysburg, Battle of, Gettysburg, Pa., 1863. 676 $a973.7/349 700 $aPfanz$b Harry W$g(Harry Willcox),$f1921-$01027834 801 0$bMiAaPQ 801 1$bMiAaPQ 801 2$bMiAaPQ 906 $aBOOK 912 $a9910463797803321 996 $aGettysburg$92465325 997 $aUNINA LEADER 01802nam 2200397Ia 450 001 996395294003316 005 20221108092030.0 035 $a(CKB)4330000000313662 035 $a(EEBO)2264215365 035 $a(OCoLC)17015425 035 $a(EXLCZ)994330000000313662 100 $a19871123d1647 uy | 101 0 $aeng 135 $aurbn||||a|bb| 200 14$aThe hive of devotion, or, The saints evidence for heaven$b[electronic resource] $econtaining 12 infallible signes of our election to eternall happinesse, and likewise a short tractate concerning the paucity or fewnesse of those that shall be saved /$fwritten at first in Latin, by that master of meditiation, Hier. Drexelivs ; now at the request of a deare friend translated, with many corrections, by one of the fellowes of Trin. Colledge in Cambridge ; who has annexed to the forenamed treatises a cordiall for afflicted minds and tender consciences 210 $aLondon $cPrinted for R. Best$d1647 215 $a[24], 357 [i.e. 355] p., [12] leaves of plates $cill 300 $aAdded engraved t.p. with ms. signature: Anne Vertue her booke 1662. 300 $aNumerous errors in paging. 300 $aErrata: p. [24] 300 $aImperfect: pages faded and tightly bound, with some loss of print. 300 $aReproduction of original in the British Library. 330 $aeebo-0018 606 $aElection (Theology) 606 $aSalvation 606 $aTheology, Doctrinal 615 0$aElection (Theology) 615 0$aSalvation. 615 0$aTheology, Doctrinal. 700 $aDrexel$b Jeremias$f1581-1638.$0718089 801 1$bEAK 801 2$bWaOLN 906 $aBOOK 912 $a996395294003316 996 $aThe hive of devotion, or, The saints evidence for heaven$92375564 997 $aUNISA